|
|
|
|
| LEADER |
00000nam0a2200000 4500 |
| 001 |
103941 |
| 005 |
20231031113816.0 |
| 035 |
|
|
|a (RuTPU)RU\TPU\book\112049
|
| 090 |
|
|
|a 103941
|
| 100 |
|
|
|a 20061024d1979 m y0rusy50 ca
|
| 101 |
0 |
|
|a rus
|
| 102 |
|
|
|a RU
|
| 105 |
|
|
|a y z 001zy
|
| 200 |
1 |
|
|a Южная Корея - база империализма на Дальнем Востоке
|f В. А. Маринов, А. В. Торкунов
|
| 210 |
|
|
|a Москва
|c Международные отношения
|d 1979
|
| 215 |
|
|
|a 136 с.
|
| 225 |
1 |
|
|a Библиотечка международника
|
| 320 |
|
|
|a Библиогр.: с. 128-131.
|
| 333 |
|
|
|a Исключено из фонда НТБ ТПУ
|
| 700 |
|
1 |
|a Маринов
|b В. А.
|g Всеволод Александрович
|
| 701 |
|
1 |
|a Торкунов
|b А. В.
|g Анатолий Васильевич
|
| 801 |
|
1 |
|a RU
|b 63413507
|c 20061024
|g PSBO
|
| 801 |
|
2 |
|a RU
|b 63413507
|c 20160929
|g PSBO
|
| 942 |
|
|
|c BK
|